| 000 | 00849nam a2200265 i 4500 | ||
|---|---|---|---|
| 003 | DO-SdBNP | ||
| 005 | 20240705103553.0 | ||
| 007 | ta | ||
| 008 | 240705s2022 dr a b 000 0 spa d | ||
| 020 | _a9789945181746 | ||
| 040 |
_aDO-SdBNP _bspa _cBNPHU _erda |
||
| 082 |
_bH532 _222 |
||
| 100 | 1 |
_aHerasme Sena, Leda Nieves _eautora _985965 |
|
| 245 | 1 | 0 |
_a¡Allí mismo! ¡Sí, sabemos! / _cLeda Nieves Herasme Sena |
| 264 | 1 |
_aSanto Domingo : _bTiempo de nosotros, _c2022. |
|
| 300 |
_a34 páginas, _bilustraciones _c23 cm. |
||
| 336 |
_2rdacontent _atexto _btxt |
||
| 337 |
_2rdamedia _asin mediación _bn |
||
| 338 |
_2rdacarrier _avolumen _bnc |
||
| 500 | _aIncluye datos biográficos de la autora en la solapa de la portada. | ||
| 500 | _acuento infantil. | ||
| 590 | _aInventariado, 2024/ YL | ||
| 910 | _aYLockward | ||
| 942 |
_2ddc _cLF2 |
||
| 999 |
_c57182 _d57182 |
||